2023 : Les 30 personnalités préférées des adultes - Statistiques

Statistiques générales
  • Ce quiz a été pris 394 fois
  • Le résultat moyen est 18 sur 30
Statistiques - réponses
Place Indice 1 Indice 2 Prénom et nom % Correct
2 TP Astronaute Thomas Pesquet
93%
15 ZZ Entraineur Zinédine Zidane
92%
1 JJG Chanteur Jean-Jacques Goldman
91%
16 SP Agent immobilier Stéphane Plaza
89%
7 PE Cuisinier Philippe Etchebest
86%
24 TR Judoka Teddy Riner
85%
3 OS Acteur Omar Sy
83%
23 DD Sélectionneur Didier Deschamps
82%
4 KM Footballeur Kyllan Mbappé
82%
8 GCM Slameur Grand corps malade
78%
9 OG Footballeur Olivier Giroud
78%
11 AG Footballeur Antoine Griezmann
77%
18 HL Footballeur Hugo Lloris
64%
19 V Chanteur Vianney
63%
13 CL Cuisinier Cyril Lignac
61%
22 JLR Animateur Jean-Luc Reichmann
60%
6 FP Chanteur Florent Pagny
55%
14 JR Acteur Jean Reno
54%
5 S Chanteur Soprano
53%
20 FF Humoriste Florence Foresti
52%
25 R Chanteur Renaud
42%
30 MF Chanteuse Mylène Farmer
41%
10 MS Chanteur Michel Sardou
38%
12 FC Chanteur Francis Cabrel
31%
21 DB Acteur/humoriste Dany Boon
27%
28 SM Actrice Sophie Marceau
27%
17 JD Chanteur Julien Doré
23%
29 MM Actrice Mimie Mathy
22%
26 SB Animateur Stéphane Bern
17%
27 AC Animateur Alain Chabat
6%
Aucun quiz correspondant
Distribution des résultats
% des personnes avec chaque résultat
Percentile par nombre de réponses
Votre historique - résultats
Vous n’avez pas pris ce quiz